Das Jahr 1868 - Statistiken

Allgemein
  • Dieses Quiz wurde 48 mal gespielt
  • Das Durchschnittsergebnis liegt bei 10 aus 15
Antwortstatistiken
Datum Ereignis % Korrekt
4. Juli Die japanische Hauptstadt wird von Kyoto nach Edo verlegt, das in {Tokio} umbenannt wird.
97%
28. September Aufständischen gelingt es, die seit 35 Jahren in {Spanien} regierende Königin Isabella II. zu stürzen.
92%
29. Februar Der ehemalige bayerische König {Ludwig} I., der 1848 zugunsten seines Sohnes abgedankt hatte, stirbt in Nizza.
89%
3. November Der Republikaner und hoch dekorierte Bürgerkriegsgeneral Ulysses S. {Grant} gewinnt die US-Präsidentschaftswahl.
83%
19. Oktober In Spanien wird die {Peseta} als offizielles Zahlungsmittel eingeführt und sollte bis zur Einführung des Euro die Währung des Landes bleiben.
83%
18. Oktober Mongkut, der Herrscher des südostasiatischen Königreichs {Siam}, stirbt, nachdem er sich bei der Beobachtung einer Sonnenfinsternis mit Malaria infiziert hat.
83%
15. Juli Der Komponist Johannes {Brahms} veröffentlicht seine Vertonung des Wiegenlieds "Guten Abend, gut' Nacht".
75%
20. Oktober Der Astronom Norman Lockyer entdeckt das zweithäufigste chemische Element im Universum, das in Anlehnung an die Sonne {Helium} genannt wird.
64%
9. Mai Am Rand der Sierra Nevada wird nach der Entdeckung von Silbervorkommen die Stadt {Reno} gegründet, die heute nach Las Vegas den zweitgrößten Ballungsraum in Nevada bildet.
56%
7. Dezember Das Kurfürstentum Hessen, das Herzogtum Nassau und die Freie Stadt Frankfurt werden zur preußischen Provinz Hessen-Nassau mit {Kassel} als Provinzhauptstadt zusammengefasst.
56%
21. Juni In Müchen wird Richard Wagners Oper "Die Meistersinger von {Nürnberg}" uraufgeführt.
50%
5. März In einer Höhle in Frankreich werden Skelette der frühesten in Europa vorkommenden Homo sapiens gefunden, die sogenannten Cro-{Magnon}-Menschen.
42%
3. Januar In Japan beginnt mit der Meiji-Restauration die Wiederherstellung der alten kaiserlichen Macht, womit die über 700 Jahre andauerte De-facto-Herrschaft der Tokugawa-{Shogune} beendet ist.
39%
13. November Der italienische Komponist Gioachino {Rossini}, der für Opern wie "Der Barbier von Sevilla" und "Wilhelm Tell" bekannt wurde, stirbt in Frankreich.
33%
17. Mai Kaiser Wilhelm II. eröffnet in {Hoppegarten} östlich von Berlin eine auch heute noch in Betrieb befindliche Galopprennbahn.
33%
Keine übereinstimmenden Quizze gefunden
Verteilung der Resultate
Anzahl Personen mit jedem Resultat
Perzentil nach korrekt beantworteten Fragen
Ihre Resultats-Entwicklung
Sie haben dieses Quiz noch nicht gespielt